| 000 | 00829nam a22002177a 4500 | ||
|---|---|---|---|
| 003 | AM-YeHGA | ||
| 040 | _aAM-YeHGA | ||
| 090 | _c428951 | ||
| 005 | 20250617155124.0 | ||
| 008 | 190226b ||||| |||| 00| 0 rus d | ||
| 020 | _c1.90 | ||
| 041 | 0 | _arus | |
| 100 | 1 | _aПлатэ, Альфред Феликсович | |
| 245 | 1 | 0 |
_aКаталитическая ароматизация парафиновых углеводородов / _cА.Ф. Платэ; АН СССР, Ин-т орган. химии |
| 260 |
_aМосква ; _aЛенинград : _bАН СССР, _c1948 |
||
| 300 |
_a264 с., _bил. |
||
| 504 | _aБиблиогр. в конце глав | ||
| 653 | 0 | _aХимия углеводородов | |
| 710 | 2 | _aИнститут органической химии АН СССР | |
| 942 |
_2udc _cBK |
||
| 999 |
_c426474 _d426474 |
||